Spanish Places - Statistics

General Stats
  • This quiz has been taken 25 times
  • The average score is 13 of 17
Answer Stats
Hint Answer % Correct
el banco Bank
100%
el club Club
100%
la biblioteca Library
100%
la iglesia Church
94%
la casa Home/House
94%
el supermercado Supermarket
94%
el templo Temple
94%
el gimnasio Gym
89%
la oficina Office
89%
la farmacia pharmacy
89%
el café Café
72%
la sinagoga Synagogue
72%
el trabajo Work
67%
el cine Movie theater
56%
el centro comercial Mall
33%
el campo Country side
28%
la mezquita Mosque
17%
No matching quizzes found
Score Distribution
Percent of People with Each Score
Percentile by Number Answered
Your Score History
You have not taken this quiz